000 00483nam a2200169 4500
001 145031
003 ES-MaACL
005 20230906201141.0
007 t|
008 070214s1914 fr r ||||1| fre d
100 1 _aSollier, Paul.
_9107228
245 1 2 _aL'hystérie et son traitement /
_cpar le Dr. Paul Sollier.
250 _a2ème éd. rev.
260 _aParis :
_b[s. n.],
_c1914 (
_eEvreux :
_fHérissey)
300 _aX, 298 p. ;
_c19 x 12 cm.
852 _aES-MaACL
_jB-11936
999 _c145031
_d145031